00781nam a2200205 i 4500001000400000100003100004245008300035250001000118260006500128300002000193490004900213500004700262650003500309700002600344830005000370040000800420041000800428008004100436856009800477bgj1 aLONDON, Jackd(1876-1916).10aTo build a fire and other stories /cJack London ; adapted by Annette P. Kane. aRepr. aWashington, D.C. :bUnited States Information Agency,c1991. a69 pp ;c23 cm.1 aA Ladder Edition. American Literary Classics aSimplified edition at the 2000-word level. 9aAmerican storiesy20th century1 aKANE, Annette P.eed. 0aA Ladder Edition.pAmerican Literary Classics cBPK0 aeng s uk f |000 0 eng  uhttp://koha.tu.koszalin.pl/cgi-bin/koha/opac-detail.pl?biblionumber=41276yKatalog online BPK